USA in Fotos - Statistiken

Allgemein
  • Dieses Quiz wurde 570 mal gespielt
  • Das Durchschnittsergebnis liegt bei 7 aus 27
Antwortstatistiken
Bildquiz Antwort % Korrekt
New York
98%
San Francisco
81%
Washington D.C.
77%
Las Vegas
72%
Chicago
64%
Seattle
63%
Los Angeles
36%
Anchorage
17%
Phoenix
17%
Dallas
15%
Boston
14%
Detroit
14%
Denver
12%
Houston
11%
Salt Lake City
9%
San Diego
9%
Austin
8%
Minneapolis
7%
Nashville
7%
Baltimore
6%
Portland
6%
Orlando
5%
St.Louis
5%
Jacksonville
4%
Kansas City
4%
Columbus
3%
Tucson
3%
Keine übereinstimmenden Quizze gefunden
Verteilung der Resultate
Anzahl Personen mit jedem Resultat
Perzentil nach korrekt beantworteten Fragen
Ihre Resultats-Entwicklung
Sie haben dieses Quiz noch nicht gespielt